The implications of China-Taiwan economic liberalization

Bibliographic Details
Main Author: Rosen, Daniel H.
Corporate Author: ProQuest (Firm)
Other Authors: Wang, Zhi.
Format: Electronic eBook
Language:English
Published: Washington, D.C. : Peterson Institute for International Economics, 2011.
Series:Policy analyses in international economics ; 93.
Subjects:
Online Access:Click to View
LEADER 02029nam a2200469 a 4500
001 EBC3385676
003 MiAaPQ
005 20200520144314.0
006 m o d |
007 cr cn|||||||||
008 101029s2011 dcuab sb 001 0 eng d
010 |z  2010046034 
020 |z 9780881325010 (pbk.) 
020 |a 9780881326321 (electronic bk.) 
035 |a (MiAaPQ)EBC3385676 
035 |a (Au-PeEL)EBL3385676 
035 |a (CaPaEBR)ebr10493991 
035 |a (OCoLC)759158934 
040 |a MiAaPQ  |c MiAaPQ  |d MiAaPQ 
043 |a a-cc---  |a a-ch---  |a n-us--- 
050 4 |a HF1604.Z4  |b T286 2011 
082 0 4 |a 337.5105124/9  |2 22 
100 1 |a Rosen, Daniel H. 
245 1 4 |a The implications of China-Taiwan economic liberalization  |h [electronic resource] /  |c Daniel H. Rosen & Zhi Wang. 
260 |a Washington, D.C. :  |b Peterson Institute for International Economics,  |c 2011. 
300 |a xvii, 198 p. :  |b ill., map. 
490 1 |a Policy analyses in international economics ;  |v 93 
504 |a Includes bibliographical references and index. 
505 0 |a China-Taiwan economic relations -- Bilateral effects of deepening the China-Taiwan economic relationship -- Regional implications -- Cross-strait economic relations and the United States. 
533 |a Electronic reproduction. Ann Arbor, MI : ProQuest, 2015. Available via World Wide Web. Access may be limited to ProQuest affiliated libraries. 
650 0 |a International trade. 
651 0 |a China  |x Foreign economic relations  |z Taiwan. 
651 0 |a Taiwan  |x Foreign economic relations  |z China. 
651 0 |a China  |x Economic conditions  |y 2000- 
651 0 |a Taiwan  |x Economic conditions  |y 21st century. 
651 0 |a United States  |x Commerce. 
651 0 |a United States  |x Foreign economic relations. 
655 4 |a Electronic books. 
700 1 |a Wang, Zhi. 
710 2 |a ProQuest (Firm) 
830 0 |a Policy analyses in international economics ;  |v 93. 
856 4 0 |u https://ebookcentral.proquest.com/lib/matrademy/detail.action?docID=3385676  |z Click to View